Menschen und Werk

Gespeichert in:
Bibliographische Detailangaben
1. Verfasser: Baťa, Tomáš
Format: Buch
Sprache:Deutsch
Veröffentlicht: Zlín Vl. nákl. 1935
Tags: Tag hinzufügen
Keine Tags, Fügen Sie das erste Tag hinzu!

MARC

LEADER 00000nam a2200000 4500
001 0207806
005 20240109102048.7
041 0 |a ger 
044 |a CZ 
245 1 0 |a Menschen und Werk  |c Tomáš Baťa 
264 1 |a Zlín  |b Vl. nákl.  |c 1935 
300 |a 160 s. 
100 1 |a Baťa, Tomáš